000 01174nam a22002537a 4500
001 125775
003 UA-OsUOA
005 20201204092300.0
007 ta
008 20170926b un ||||| |||| 00| 0 ukr d
020 _a576640445Х
040 _aUA-OsUOA
_brus
_cUA-OsUOA
_dUA-OsUOA
041 _arus
080 _a821.161.2
090 _a821.161.2
_bД38
245 _aДетектив США
_bсборник: романы, повесть
_cред. Т. В. Саркитова
260 _aМ.
_bРеннесанс
_c1991
300 _a416 с.
520 _aВ сборник вошли три весьма своеобразнх детективных произведения американских авторов: Грегори Макдональда "Флеч" и Хью Пентикоста " Убереги ее от злого глаза", а таке сатирического типа повесть Дональда Уэстлейка "Полицейские и воры".
650 7 _a82 Література. Літературознавство
_2UDC
942 _cBK
_2udc
955 _a3
999 _c413023
_d413023